000 00853cam a2200277 4500500
005 20260329010130.0
041 _afre
042 _adc
100 1 0 _aLarmagnac-Matheron, Octave
_eauthor
245 0 0 _aLe Seigneur des anneaux : la réception des intellectuels
260 _c2022.
500 _a24
690 _aAnneau
690 _aCritique
690 _aGeorge Steiner
690 _aHeroic fantasy
690 _aHéroïsme
690 _aIris Murdoch
690 _aLittérature
690 _aMagie
690 _aReconnaissance
690 _aSeigneur des Anneaux
690 _aTolkien
786 0 _nPhilosophie magazine - Hors séries | Hors série - Été-Autome 2022 | HS54 | 2022-07-01 | p. 7-7 | 2104-9246
856 4 1 _uhttps://shs.cairn.info/magazine-philosophie-magazine-2022-hs54-page-7?lang=fr&redirect-ssocas=7080
999 _c1849726
_d1849726